América Latina: la reestructuración de las relaciones de dependencia /
Guardat en:
| Autor principal: | |
|---|---|
| Format: | Text |
| Matèries: | |
| Etiquetes: |
Afegir etiqueta
Sense etiquetes, Sigues el primer a etiquetar aquest registre!
|
MARC
| LEADER | 00000 a a2200000 04500 | ||
|---|---|---|---|
| 001 | 14482 | ||
| 003 | |||
| 040 | |||
| 100 | |a Araya Saavedra, Roberto | ||
| 245 | |a América Latina: |b la reestructuración de las relaciones de dependencia / |c Roberto Araya Saavedra | ||
| 650 | |a DEPENDENCIA ECONOMICA | ||
| 650 | |a DESARROLLO ECONOMICO | ||
| 773 | |g número 103 -104 (I -II); páginas 115-126 | ||
| 999 | |c 26236 |d 26236 | ||
| 773 | 0 | |0 18728 |9 3035 |a Universidad de Costa Rica |d San José, Costa Rica Editorial UCR 1956- |o 18151 |t Revista de Ciencias Sociales/ |x 04825276 | |
